Las democracias contemporáneas : un estudio comparativo /
La obra es una comparación sistemática de los dos modelos básicos de democracia: la mayoritaria o de Westminster y la de consenso. La segunda incluye el federalismo, la separación de poderes, la estructura bicameral del legislativo con representación de cada cámara de electorados, sistema de partido...
Kaydedildi:
| Yazar: | |
|---|---|
| Diğer Yazarlar: | |
| Materyal Türü: | Kitap |
| Dil: | İspanyolca |
| Baskı/Yayın Bilgisi: |
Barcelona, España :
Ariel,
1999, c1999
|
| Edisyon: | 4a edición |
| Seri Bilgileri: | (Ariel Ciencia Política)
|
| Konular: | |
| Etiketler: |
Etiket eklenmemiş, İlk siz ekleyin!
|
MARC
| LEADER | 00000nam^a2200000^a^4500 | ||
|---|---|---|---|
| 001 | 000182844 | ||
| 005 | 20250521000000.0 | ||
| 009 | 20260310102020.867 | ||
| 020 | |a 84-344-1681-6 | ||
| 037 | |a Acervo ITESO - Biblioteca | ||
| 041 | |a ESP | ||
| 082 | |a 320. 01 |b LIJ | ||
| 100 | |a Lijphart, Arend |e (autor) | ||
| 245 | 1 | 4 | |a Las democracias contemporáneas : |b un estudio comparativo / |c A. Lijphart ; pról. de J. Botella Corral ; tr. por Elena de Grau Aznar. |
| 250 | |a 4a edición | ||
| 264 | 4 | |a Barcelona, España : |b Ariel, |c 1999, c1999 | |
| 300 | |a 255 p | ||
| 336 | |a texto |b txt |2 rdacontenido | ||
| 337 | |a sin mediación |b n |2 rdamedio | ||
| 338 | |a volumen |b nc |2 rdasoporte | ||
| 440 | 1 | |a (Ariel Ciencia Política) | |
| 500 | |a Traducción de: Democracies | ||
| 520 | |a La obra es una comparación sistemática de los dos modelos básicos de democracia: la mayoritaria o de Westminster y la de consenso. La segunda incluye el federalismo, la separación de poderes, la estructura bicameral del legislativo con representación de cada cámara de electorados, sistema de partidos políticos, necesidad de mayorías extraordinarias, poder de veto del ejecutivo y capacidad de invalidarlo mediante mayoría extraordinaria, entre otras, que el autor la llama democracia consociativa. | ||
| 649 | |a XX | ||
| 650 | |a Democracia - |x Tema Principal | ||
| 650 | |a Sistema Político | ||
| 650 | |a Política | ||
| 700 | |a Botella Corral, Joan |e (prólogo) | ||
| 910 | |a Fondo General | ||
| 920 | |a Impresos - Libros | ||
| 930 | |a Colección General | ||
| 905 | |a 101 | ||
| 901 | |a 0500122762 |b IT1 |c ACC |u 20250521 | ||
| 902 | |a https://opac.biblio.iteso.mx/vufind/Record/000182844 | ||